[Event "Stuttgart-chB op"]
[Site "Ditzingen"]
[Date "2015.05.15"]
[Round "3"]
[White "Hartmann, Christian1111"]
[Black "Haro, Niel"]
[Result "1/2-1/2"]
[WhiteElo "1744"]
[BlackElo "1531"]
[PlyCount "101"]
[EventDate "2015.05.17"]
[EventType "swiss"]
[EventRounds "7"]
[EventCountry "GER"]
[SourceTitle "EXT 2018"]
[Source "ChessBase"]
[SourceDate "2017.10.13"]
[SourceVersion "1"]
[SourceVersionDate "2017.10.13"]
[SourceQuality "1"]

1. e4 Nc6 2. Nf3 d6 3. d4 e5 4. Be2 Nf6 5. Nc3 Bg4 6. Be3 a6 7. d5 Ne7 8. Nd2 Bd7 9. f3 Ng6 10. g3 h5 11. h4 Be7 12. Nf1 Qc8 13. Bf2 0-0 14. Ne3 b5 15. a3 c5 16. dxc6 Bxc6 17. Ncd5 Nxd5 18. Nxd5 Bxd5 19. exd5 Qd7 20. Bd3 f5 21. 0-0 Rae8 22. c4 e4 23. fxe4 fxe4 24. Bxe4 Ne5 25. cxb5 Ng4 26. Bd4 Bf6 27. Bg6 Bxd4+ 28. Qxd4 Re3 29. Rxf8+ Kxf8 30. Qf4+ Kg8 31. Rf1 Qe7 32. Bf7+ Kh8 33. Be6 axb5 34. Bxg4 hxg4 35. Qf8+ Qxf8 36. Rxf8+ Kh7 37. Kg2 Rb3 38. Rf2 Rd3 39. Rf4 Rxd5 40. Rxg4 Rd2+ 41. Kf3 Rxb2 42. Rb4 Ra2 43. Rb3 Kg6 44. Ke4 Kf6 45. Rxb5 Rxa3 46. Rg5 Ra4+ 47. Ke3 g6 48. g4 Ra3+ 49. Kf4 Rh3 50. h5 gxh5 51. Rxh5 1/2-1/2

[Event "Stuttgart-chB int"]
[Site "Ditzingen"]
[Date "2014.05.30"]
[Round "5"]
[White "Haro, Niel"]
[Black "Koeller, Horst"]
[Result "1/2-1/2"]
[WhiteElo "1526"]
[BlackElo "1718"]
[PlyCount "92"]
[EventDate "2014.05.29"]
[EventType "swiss"]
[EventRounds "7"]
[EventCountry "GER"]
[SourceTitle "EXT 2015"]
[Source "ChessBase"]
[SourceDate "2014.11.20"]
[SourceVersion "1"]
[SourceVersionDate "2014.11.20"]
[SourceQuality "1"]

1. Nf3 d5 2. d4 Nf6 3. g3 c6 4. Bg2 e6 5. Bg5 h6 6. Bf4 Nbd7 7. 0-0 Be7 8. Nc3 0-0 9. Qd3 a6 10. Rfe1 Nh5 11. Bc1 f5 12. Qe3 Nb6 13. b3 Bd6 14. Nh4 Qe8 15. f4 Nf6 16. h3 Bd7 17. a4 Rd8 18. Nf3 Bc8 19. Ne5 Nbd7 20. Bd2 Ne4 21. Nxe4 dxe4 22. Ba5 b6 23. Bd2 Nxe5 24. fxe5 Be7 25. Bc3 Bg5 26. Qf2 Qg6 27. e3 Be7 28. Kh2 Bb7 29. Rg1 Qh7 30. Qe2 g5 31. Raf1 h5 32. Be1 c5 33. c3 cxd4 34. cxd4 g4 35. h4 Rc8 36. Bf2 Rc7 37. Qb2 Rfc8 38. Rc1 Bb4 39. Rc4 a5 40. Rgc1 Bd5 41. Rxc7 Rxc7 42. Rxc7 Qxc7 43. Bf1 Kf7 44. Kg1 Ke7 45. Bb5 Qc8 46. Kg2 Qc7 1/2-1/2

[Event "Stuttgart-chB int"]
[Site "Ditzingen"]
[Date "2014.05.30"]
[Round "4"]
[White "Mejerski, Stephan"]
[Black "Haro, Niel"]
[Result "0-1"]
[WhiteElo "1672"]
[BlackElo "1526"]
[PlyCount "70"]
[EventDate "2014.05.29"]
[EventType "swiss"]
[EventRounds "7"]
[EventCountry "GER"]
[SourceTitle "EXT 2015"]
[Source "ChessBase"]
[SourceDate "2014.11.20"]
[SourceVersion "1"]
[SourceVersionDate "2014.11.20"]
[SourceQuality "1"]

1. e4 Nc6 2. f4 e6 3. Nf3 b6 4. d3 Bb7 5. Be3 Nf6 6. Nbd2 d5 7. e5 Ng4 8. Bg1 Be7 9. d4 0-0 10. Qe2 Nb4 11. Qd1 c5 12. c3 Na6 13. Bd3 f5 14. Qe2 c4 15. Bc2 Nc7 16. 0-0-0 a5 17. h3 Nh6 18. Be3 b5 19. Rdg1 b4 20. g4 Kh8 21. g5 Ng8 22. h4 bxc3 23. bxc3 Ba3+ 24. Kd1 Nb5 25. Nb1 Bb2 26. Bd2 Ne7 27. h5 Qb6 28. Qe3 Nc6 29. Ke2 Ba6 30. a4 Nbxd4+ 31. Nxd4 Nxd4+ 32. Qxd4 Qxd4 33. cxd4 c3+ 34. Ke3 cxd2 35. Nxd2 Rfc8 0-1

[Event "Stuttgart-chB int"]
[Site "Ditzingen"]
[Date "2013.05.09"]
[Round "2"]
[White "Haro, Niel"]
[Black "Vogel, Karlheinz"]
[Result "0-1"]
[WhiteElo "1576"]
[BlackElo "1706"]
[PlyCount "88"]
[EventDate "2013.05.09"]
[EventType "swiss"]
[EventRounds "7"]
[EventCountry "GER"]
[SourceTitle "EXT 2014"]
[Source "ChessBase"]
[SourceDate "2013.11.20"]
[SourceVersion "1"]
[SourceVersionDate "2013.11.20"]
[SourceQuality "1"]

1. d4 e6 2. c4 f5 3. Nf3 Nf6 4. Nc3 c6 5. a3 d5 6. e3 Bd6 7. c5 Bc7 8. Bd3 Ne4 9. Qc2 Nd7 10. Ne2 0-0 11. Bd2 Ndf6 12. h3 Bd7 13. Nf4 b6 14. b4 a5 15. bxa5 bxc5 16. 0-0 Nxd2 17. Nxd2 cxd4 18. Nb3 dxe3 19. fxe3 Bxa5 20. Nc5 Re8 21. g4 Ne4 22. gxf5 Nxc5 23. fxe6 Nxd3 24. exd7 Qxd7 25. Qxd3 Bb6 26. Rad1 Qa7 27. Ng2 Qxa3 28. Qf5 Qe7 29. Kh1 Rf8 30. Qd3 Rxf1+ 31. Rxf1 Ra3 32. Qb1 Ba7 33. Qf5 Qe8 34. Re1 Ra4 35. Qc2 Re4 36. Qd2 Bb8 37. Rf1 Qe5 38. Rf4 Qa1+ 39. Kh2 g5 40. Qe2 gxf4 41. Qg4+ Qg7 42. Qc8+ Qf8 43. Qg4+ Kh8 44. exf4 Rxf4 0-1

[Event "Stuttgart-chB int"]
[Site "Gerlingen"]
[Date "2011.06.03"]
[Round "4"]
[White "Michna, Marcus"]
[Black "Haro, Niel"]
[Result "1-0"]
[WhiteElo "1869"]
[BlackElo "1519"]
[PlyCount "151"]
[EventDate "2011.06.02"]
[EventType "swiss"]
[EventRounds "7"]
[EventCountry "GER"]
[SourceTitle "EXT 2018"]
[Source "ChessBase"]
[SourceDate "2017.10.13"]
[SourceVersion "1"]
[SourceVersionDate "2017.10.13"]
[SourceQuality "1"]

1. d4 Nf6 2. c4 g6 3. Nc3 d5 4. e3 Bg7 5. Bd3 c6 6. Nf3 Bg4 7. h3 Be6 8. c5 0-0 9. b4 b6 10. Bd2 b5 11. a4 a6 12. axb5 cxb5 13. Nxb5 Nc6 14. Na3 Qc8 15. Qe2 Ne8 16. Nc2 Nc7 17. Bc3 f5 18. Ng5 Bd7 19. f4 Nd8 20. Kd2 Nb5 21. Ra2 Qb7 22. Rha1 Rf6 23. Nf3 Rb8 24. Ne5 Be8 25. g4 Ra8 26. gxf5 gxf5 27. Rg1 Rb8 28. Qg2 e6 29. Qg5 Kh8 30. Rxa6 Qc7 31. Raa1 Rc8 32. Na3 Na7 33. b5 Qe7 34. b6 Nac6 35. Nb5 Qf8 36. Nxc6 Nxc6 37. Nc7 Rg6 38. Qh4 Bf6 39. Qf2 Rb8 40. Rxg6 Bxg6 41. Bb5 Nd8 42. Ra7 Qh6 43. Kc2 Qxh3 44. Bf1 Qg4 45. Ra8 Rxa8 46. Nxa8 Bh5 47. Qe1 Bh4 48. Qd2 Qf3 49. Ba6 Bf2 50. b7 Nxb7 51. Bxb7 Qe4+ 52. Kb2 Bxe3 53. Qh2 Be8 54. Qh6 Qg2+ 55. Kb3 Qg7 56. Qxe6 Qxb7+ 57. Nb6 Qc6 58. Qxe3 h5 59. Qe5+ Kh7 60. Qxf5+ Kh6 61. Qg5+ Kh7 62. Qe7+ Kh6 63. Qd6+ Kh7 64. Qxc6 Bxc6 65. Be1 Kg6 66. Bh4 Kf5 67. Bg5 h4 68. Bxh4 Kxf4 69. Bf6 Ke4 70. Nc8 Bd7 71. Ne7 Be8 72. Kb4 Bf7 73. Ka5 Kd3 74. Kb6 Be8 75. Nxd5 Kc4 76. Ne7 1-0

[Event "Stuttgart-chB int"]
[Site "Gerlingen"]
[Date "2007.05.19"]
[Round "6"]
[White "Haro, Niel"]
[Black "Balija, Cerim"]
[Result "0-1"]
[WhiteElo "1288"]
[BlackElo "1731"]
[PlyCount "68"]
[EventDate "2007.05.17"]
[EventType "swiss"]
[EventRounds "7"]
[EventCountry "GER"]
[SourceTitle "EXT 2018"]
[Source "ChessBase"]
[SourceDate "2017.10.13"]
[SourceVersion "1"]
[SourceVersionDate "2017.10.13"]
[SourceQuality "1"]

1. e4 e5 2. Nf3 d6 3. d4 exd4 4. Nxd4 g6 5. Nc3 a6 6. a3 Bg7 7. Bc4 c6 8. 0-0 Nf6 9. Bg5 0-0 10. f4 Qb6 11. Rb1 Ng4 12. e5 Ne3 13. Qd3 Nxf1 14. Kxf1 d5 15. Bb3 Nd7 16. Na4 Qc7 17. Be7 Re8 18. Bd6 Qd8 19. Nf3 b5 20. Nc3 a5 21. Ng5 a4 22. Ba2 b4 23. Bxd5 Nxe5 24. fxe5 cxd5 25. Qxd5 Ba6+ 26. Ne2 Qxg5 27. Ke1 Bxe2 28. Kxe2 Bxe5 29. Kf1 Qf4+ 30. Kg1 Bxd6 31. g3 Qe3+ 32. Kf1 Bc5 33. Qg2 Rad8 34. axb4 Bb6 0-1

[Event "Stuttgart-chB int"]
[Site "Gerlingen"]
[Date "2007.05.18"]
[Round "4"]
[White "Mueller, Johannes"]
[Black "Haro, Niel"]
[Result "1/2-1/2"]
[WhiteElo "1612"]
[BlackElo "1288"]
[PlyCount "99"]
[EventDate "2007.05.17"]
[EventType "swiss"]
[EventRounds "7"]
[EventCountry "GER"]
[SourceTitle "EXT 2018"]
[Source "ChessBase"]
[SourceDate "2017.10.13"]
[SourceVersion "1"]
[SourceVersionDate "2017.10.13"]
[SourceQuality "1"]

1. e4 b6 2. d4 e6 3. Nf3 Bb7 4. Bd3 d5 5. e5 c5 6. c3 c4 7. Bc2 h6 8. 0-0 Ne7 9. b3 b5 10. Na3 a6 11. Rb1 Qc7 12. bxc4 dxc4 13. Qe2 Nd5 14. Qe1 Qa5 15. Nxc4 Qxa2 16. Nb2 Qa3 17. Nd1 Qa5 18. Bd2 Qc7 19. Be4 Nd7 20. Qe2 N7b6 21. Bxd5 Bxd5 22. Ne3 Qc6 23. Nxd5 Qxd5 24. Rfc1 Nc4 25. Ne1 Ba3 26. Rc2 Be7 27. Rcc1 Nxd2 28. Qxd2 Qe4 29. Qd3 Qxd3 30. Nxd3 0-0 31. g3 Rfc8 32. Ra1 a5 33. Kf1 Kf8 34. Ke2 b4 35. cxb4 axb4 36. Rxc8+ Rxc8 37. Rb1 Ke8 38. Kd2 Rb8 39. Rb3 Kd7 40. Nb2 Kc6 41. Kd3 Kb5 42. f4 Rd8 43. Ke3 Ra8 44. Kd3 Ra3 45. Kc2 Ra1 46. Rd3 Rh1 47. Rd2 Kc6 48. Nc4 Ra1 49. Kb2 Ra8 50. Kb3 1/2-1/2